000 04290nab a2200313 i 4500
003 BR-BrBNA
005 20240509145636.0
008 240509b2014 bl.qr|pooa||| 00| 0 eng |
040 _aBR-BrBNA
_beng
072 _aC30
100 _aCastro, R.D.
100 _aOliveira, J.A.
100 _aVasconcelos, L.C.
100 _aMaciel, P.P.
100 _aBrasil, V.L.M.
245 _aBrazilian scientific production on herbal medicines used in dentistry
500 _aPublicação on-line; 37 ref.; 4 tables; Summaries (En, Pt)
520 _a ABSTRACT: The objective of this study was to critically analyze the scientific production published in specialized Brazilian journals concerning the use of medicinal plants in dentistry. A literature review was carried out using an indirect documentation technique by means of a bibliographical study. Four examiners performed independent searches in Brazilian journals of medicinal plants indexed in the database SciELO (Brazilian Journal of Pharmacognosy; Brazilian Journal of Medicinal Plants; Brazilian Journal of Pharmaceutical Sciences; and Acta Botanica Brasilica) using the descriptors “herbal medicine/phytotherapy” or “medicinal plants” and “dentistry “. The articles published from 2002 to 2012 addressing the use of medicinal plants in dentistry were included and analyzed. The searches based on the descriptors and reading of abstracts, resulted in 155 articles. Of these, 44 were read in full and a total of 16 publications met the eligibility criteria and were selected. Laboratory studies predominated (10) and were limited to the evaluation of antimicrobial properties by means of tests for determining inhibitory, fungicidal and bactericidal concentrations. Three literature reviews and only one clinical trial with no blinding and randomization were found. It is highlighted the need for better methodological designs in the researches and greater production of clinical or in vivo studies. Key words: Dentistry, Ethnobotany, Medicinal Plants, Phytotherapy, Plant Extracts
520 _a RESUMO: Produção científica brasileira sobre o uso de plantas medicinais na odontologia. O objetivo deste estudo foi analisar criticamente a produção científica acerca do uso de plantas medicinais em Odontologia nos periódicos brasileiros especializados. Realizou-se uma revisão da literatura, utilizando técnica de documentação indireta a partir de um estudo bibliográfico. Quatro pesquisadores procederam, de forma independente, uma busca nas revistas brasileiras de plantas medicinais indexadas na base de dados Scielo (Revista brasileira de farmacognosia; Revista brasileira de plantas medicinais; Brazilian journal of pharmaceutical sciences; Acta botânica. brasílica) utilizando como descritores “fitoterapia” ou “plantas medicinais” e “Odontologia”. Os artigos publicados de 2002 a 2012 que envolveram o uso de plantas medicinais em Odontologia foram incluídos e analisados. A busca por descritores e leitura de resumos gerou 155 artigos, dos quais 44 foram lidos na íntegra, sendo selecionadas 16 publicações que se enquadraram aos critérios requeridos. Estudos laboratoriais foram majoritários (10), e limitaram-se em avaliar propriedades antimicrobianas através das concentrações inibitórias, fungicidas e bactericidas. Três foram revisões da literatura e apenas um ensaio clínico esteve presente, sendo o cegamento e a randomização ausentes. Evidenciou-se a necessidade de um melhor delineamento metodológico das pesquisas e de uma maior produção de estudos clínicos ou in vivo. Palavras-chave: extratos vegetais, etnobotânica, fitoterapia, odontologia, plantas medicinais.
650 _aEXTRATO VEGETAL
650 _aETNOBOTÂNICA
650 _aFITOTERAPIA
650 _aODONTOLOGIA
650 _aPLANTA MEDICINAL
773 0 _03543
_9315062
_dBotucatu-SP Instituto de Biociências - Departamento de Química e Bioquímica 1998
_o2024-1315
_tRevista Brasileira de Plantas Medicinais (Brazil)
_x1516-0572
_gv. 16(3) p. 618-627; (2014)
_wBR2024000743
856 _uhttps://www.scielo.br/j/rbpm/a/Z8cdYFQyzqmFNNk4gb9t3MJ/?format=pdf&lang=en
942 _cAnalítica
999 _c299520
_d299520